=LDR 00000nam 2200000 4500 =001 INLIS000000000059174 =005 20211026081130 =035 ##$$a 0010-1021000622 =007 ta =008 211026###########################0#ind## =020 ##$$a 978-979-769-222-3 =082 ##$$a 343.03 =084 ##$$a 343.03 Muh h =245 1#$$a Hukum Keuangan Negara /$c Muhammad Djafar Saidi =250 ##$$a Cet.1 =300 ##$$a viii, 170 halaman ; $c 21 cm =650 #4$$a Hukum Keuangan Negara =264 ##$$a jakarta :$b Rajawali Press,$c 2008 =336 ##$$a teks$2 rdacontent =337 ##$$a lain-lain$2 rdamedia =338 ##$$a lain-lain$2 rdacarrier =990 ##$$a 24562456